000 00281nam a2200097Ia 4500
005 20251222114408.0
008 251222s1900||||xx |||||||||||||| ||spa||
082 _aDVD0040/G74/2003
245 0 _aPiratas del Caribe: la maldición de la perla negra:Pirates of the Caribbean
942 _cDVD
999 _c1933
_d1933